[Event "Hunan Belt and Road Open 2019"]
[Site "Hunan"]
[Date "2019.07.29"]
[Round "1.1"]
[White "Wei, Yi"]
[Black "Tan, Zhongyi"]
[Result "1/2-1/2"]
[WhiteElo "2737"]
[BlackElo "2511"]
[Annotator "TA"]
[PlyCount "67"]
[EventDate "2019.07.29"]
[EventType "swiss"]
[EventCountry "CHN"]
[SourceTitle "playchess.com"]
[Source "ChessBase"]
[SourceQuality "1"]

{[%evp 9,67,7,38,34,33,36,48,18,4,0,0,-1,30,0,0,0,0,0,44,34,59,52,50,16,17,16,17,13,13,12,20,7,20,20,20,0,15,0,0,-14,-9,-49,-14,-17,-20,-68,-70,-82,-41,-59,-45,-43,0,0,0,0,0,0,0,0]} 1. Nf3 d5 ({Predecessor:} 1... Nf6 2. g3 e6 3. Bg2 d5 4. O-O Be7 5. c4 d4 6. d3 O-O 7. e3 Nc6 8. exd4 Nxd4 9. Nxd4 {1-0 (64) Kovalevskaya,E (2430)-Solozhenkina,E (2269) Moscow 2016}) 2. c4 e6 3. g3 Nf6 4. Bg2 d4 5. e3 $146 (5. O-O c5 6. e3 Nc6 7. exd4 cxd4 8. d3 Bd6 9. Bg5 h6 10. Bxf6 Qxf6 11. Nbd2 Qe7 12. a3 a5 13. Ne4 Bc7 14. b4 axb4 15. axb4 Rxa1 16. Qxa1 Qxb4 {0-1 (43) Maghsoodloo,P (2673)-Matlakov,M (2692) Sharjah 2019}) 5... Nc6 6. O-O {A13: English Opening: 1...e6} Be7 7. exd4 Nxd4 8. Nxd4 {White is slightly better.} Qxd4 9. d3 O-O 10. Nc3 Rd8 11. Nb5 (11. Be3 $5 {[%cal Re3d4]} Qd7 12. d4 $14) 11... Qd7 $1 12. Bf4 Ne8 $1 13. Qb3 Nd6 14. Rfd1 c6 15. Nxd6 Bxd6 16. Be3 e5 17. d4 exd4 18. Rxd4 Qc7 19. c5 Be5 20. Rxd8+ Qxd8 21. Re1 Qa5 22. Rd1 Qc7 23. Qc2 (23. Bd4 {is more complex.} Be6 24. Qa4 Bg4 25. Rd3 Bf5 26. Rd2) 23... Be6 24. f4 Bf6 25. Be4 h6 26. b3 Re8 27. Re1 Qa5 28. Kf2 Qb4 29. Rd1 Bg4 30. Bf3 Bxf3 31. Kxf3 {The position is equal.} Qa5 32. a4 Rd8 33. Rxd8+ Qxd8 34. Qd2 {Accuracy: White = 54%, Black = 63%.} 1/2-1/2

[Event "Hunan Belt and Road Open 2019"]
[Site "Hunan"]
[Date "2019.07.29"]
[Round "1.2"]
[White "Dai, Changren"]
[Black "Yu, Yangyi"]
[Result "1/2-1/2"]
[WhiteElo "2510"]
[BlackElo "2736"]
[Annotator "TA"]
[PlyCount "46"]
[EventDate "2019.07.29"]
[EventType "swiss"]
[EventCountry "CHN"]
[SourceTitle "playchess.com"]
[Source "ChessBase"]
[SourceQuality "1"]

{[%evp 30,46,47,0,27,0,0,0,0,0,0,0,0,0,0,0,0,0,0]} 1. e4 c5 2. Nf3 Nc6 3. d4 cxd4 4. Nxd4 Nf6 5. Nc3 e5 6. Ndb5 d6 7. Bg5 a6 8. Na3 b5 9. Bxf6 gxf6 10. Nd5 f5 11. exf5 Bxf5 12. c3 Bg7 13. Nc2 O-O 14. Nce3 Be6 15. Bd3 f5 16. Bc2 {[#]} Rf7 $146 {B33: Sicilian: Pelikan and Sveshnikov Variations} ({Predecessor:} 16... f4 17. Qh5 {½-½ (24) Bachmann,A (2632)-Fier,A (2624) Maastricht 2016}) 17. Qh5 f4 {The position is equal.} 18. Bxh7+ ({Reject} 18. Qxh7+ Kf8 $17) 18... Kf8 19. Bf5 Qe8 20. Bxe6 Qxe6 21. Qg4 Qh6 $1 22. Nf5 Qe6 {[%mdl 64] [#] Double Attack} 23. Nfe3 $1 Qh6 $1 1/2-1/2

[Event "Hunan Belt and Road Open 2019"]
[Site "Hunan"]
[Date "2019.07.29"]
[Round "1.3"]
[White "Wang, Hao"]
[Black "Lei, Tingjie"]
[Result "1-0"]
[WhiteElo "2725"]
[BlackElo "2505"]
[Annotator "TA"]
[PlyCount "97"]
[EventDate "2019.07.29"]
[EventType "swiss"]
[EventCountry "CHN"]
[SourceTitle "playchess.com"]
[Source "ChessBase"]
[SourceQuality "1"]

{[%evp 13,97,19,21,10,11,11,20,0,19,15,5,12,29,0,0,0,17,0,14,20,191,83,77,70,73,81,82,59,69,71,89,101,105,102,158,144,193,192,200,183,179,185,206,200,202,175,172,179,179,167,186,162,189,179,189,186,327,332,333,332,323,322,318,313,312,315,313,311,367,334,345,317,477,464,470,487,758,917,829,762,1237,891,820,781,1693,1625]} 1. e4 e5 2. Nf3 Nf6 3. Nxe5 d6 4. Nf3 Nxe4 5. Nc3 Nxc3 6. dxc3 Be7 7. Be3 Nd7 8. Qd2 {C42: Petroff Defence: 3 Nxe5 and unusual White 3rd moves} O-O 9. O-O-O c6 (9... Nf6 10. Bd3 c5 11. Rhe1 Be6 12. Bg5 d5 13. Qf4 Re8 14. Re5 Qc7 15. Qh4 h6 16. Bxh6 {½-½ (100) Navara,D (2739)-Gelfand,B (2655) Prague 2019}) 10. Kb1 {The position is equal.} Re8 11. Bd3 d5 12. h4 Bc5 13. Bf4 Nf6 14. Rde1 {[#]} Be6 $146 ({Predecessor:} 14... Ne4 15. Bxe4 dxe4 16. Rxe4 {1-0 (57) Praggnanandhaa,R (2532)-Ju,W (2580) Prague 2019}) 15. Ng5 Bd7 16. Be5 Ne4 $2 {[#]} (16... h6 $11 {and Black is okay.}) 17. Bxe4 (17. Nxe4 $6 dxe4 18. Rxe4 (18. Bxe4 Rxe5 19. Bxh7+ Kxh7 $15) 18... Bf5 $14) (17. Qf4 $1 $18 {[%cal Rf4f7] is the precise move to win.} f6 18. Bxe4 dxe4 19. Qxe4 fxg5 20. hxg5 Qxg5 21. Qc4+ Be6 22. Qxc5) 17... dxe4 $16 {[#]} 18. Qf4 $1 $40 {[%mdl 640] White has some attack.} f6 $1 19. Qxe4 fxg5 20. hxg5 Qxg5 21. f4 Qg4 {Threatens to win with ...Bf2.} 22. Qc4+ {[%mdl 64] Double Attack} Be6 23. Qxc5 Bd5 (23... Rad8 $142) 24. b3 Be6 25. Qb4 b6 26. Qe4 {[%mdl 64] Double Attack} Qg6 27. Qxc6 Rac8 28. Qb7 Rcd8 29. Re2 Bg4 {[#]} 30. Rf2 $1 Rd7 31. Qa6 Qc6 32. Bd4 Bf5 33. Re2 Rc8 {With the idea ...Rxd4.} 34. Rhe1 Rd5 (34... h6 $142 35. Re8+ Rxe8 36. Rxe8+ Kf7) 35. Qxa7 $18 {[%csl Gd4][%cal Ra7g7]} Bxc2+ 36. Kb2 {[%csl Gd4][%cal Ra7g7]} ({Not} 36. Kxc2 Rxd4 37. Re8+ Rxe8 $16) 36... Rxd4 37. cxd4 {Strongly threatening Rc1.} ({Less strong is} 37. Rxc2 Rxf4 38. Re7 Rg4 $16) 37... Qc3+ 38. Ka3 {Intending Re8+ and mate.} Bg6 39. Qa6 Bf7 40. Re3 Qc2 41. Re7 Qc6 {intending ...Qd6+.} 42. Qd3 Ra8+ (42... Qxg2 {keeps fighting.} 43. Qe2 Ra8+ 44. Kb2 Qd5) 43. Kb2 {White is clearly winning.} Qxg2+ 44. R1e2 Qg4 (44... Qd5 $142 45. Rc7 h5) 45. Qe4 Rf8 46. Rg2 Qd1 47. Qe5 {[%csl Gg2][%cal Re5g7]} g6 48. Qf6 Qf3 49. Rc2 {Accuracy: White = 79%, Black = 46%.} 1-0

[Event "Hunan Belt and Road Open 2019"]
[Site "Hunan"]
[Date "2019.07.29"]
[Round "1.4"]
[White "Xu, Zhihang"]
[Black "Le, Quang Liem"]
[Result "1/2-1/2"]
[WhiteElo "2501"]
[BlackElo "2713"]
[Annotator "TA"]
[PlyCount "112"]
[EventDate "2019.07.29"]
[EventType "swiss"]
[EventCountry "CHN"]
[SourceTitle "playchess.com"]
[Source "ChessBase"]
[SourceQuality "1"]

{[%evp 18,112,8,2,0,-4,-9,-5,0,-4,5,0,9,-13,-12,-20,-18,-12,-18,-25,-10,-14,-12,-10,-3,-6,0,0,0,0,24,0,0,0,0,-12,-5,-39,-31,-50,-51,-50,-50,-50,-50,-50,-45,-50,-51,-51,-52,-48,-47,-53,-41,-47,-43,-44,-52,-44,-31,-31,-31,-31,-31,-31,-31,-31,-31,-81,-81,-81,-81,-81,-81,-81,-81,-81,-81,-105,-105,-105,-105,-105,-96,-96,-96,-96,-96,-96,-96,-96,-96,-96,-96,-96,0]} 1. d4 Nf6 2. c4 e6 3. Nc3 Bb4 4. e3 O-O 5. Bd3 d5 6. Nf3 dxc4 7. Bxc4 c5 8. O-O Nc6 9. dxc5 Bxc5 10. a3 Bd6 {D40: Queen's Gambit Declined: Semi-Tarrasch with 5 e3} (10... Qxd1 11. Rxd1 b6 12. b4 Be7 13. Bb2 Bb7 14. Rac1 Rfd8 15. Kf1 Kf8 {½-½ (15) Tarlev,K (2557)-Lupulescu,C (2601) Sovata 2018}) 11. Nb5 Bb8 12. Qxd8 Rxd8 {The position is equal.} 13. Nbd4 $146 ({Predecessor:} 13. Bd2 Bd7 14. Nfd4 Be5 15. f4 Nxd4 16. exd4 Bxb5 17. Bxb5 Bxd4+ 18. Kh1 Bxb2 {0-1 (18) Aannevik,B (1422)-Palladino,M (1962) ICCF email 2013}) 13... Bd7 14. b4 Rc8 {...Nxd4 is the strong threat.} 15. Nxc6 Bxc6 16. Be2 Bd5 17. Bd2 Ne4 18. Rfc1 {[%cal Rc1c8]} Bc7 19. Be1 Bd8 20. Nd4 Bf6 21. f3 Bxd4 22. exd4 Nd6 23. Bd3 Kf8 24. Kf2 ({Don't blunder} 24. Bxh7 $2 g6 $19) 24... Ke7 25. Ke3 (25. Bxh7 $2 g6 $19) 25... h6 26. Bg3 g5 27. Rc5 b6 28. Rcc1 Nf5+ 29. Bxf5 exf5 30. Be1 Kd6 31. Kf2 Rc4 32. Rxc4 Bxc4 $15 {[%mdl 4096] Endgame KRB-KRB} 33. Bc3 Rc8 34. Rc1 Kd5 35. h4 f4 36. hxg5 hxg5 37. g3 fxg3+ 38. Kxg3 Re8 39. Re1 Rxe1 40. Bxe1 Kxd4 {KB-KB} 41. Kg4 Be2 42. Kxg5 Bxf3 43. Bg3 {[#]} Kc4 $1 {Black is better.} 44. Kf6 Bd5 45. Bb8 {[#]} a6 $1 46. Bc7 b5 47. Ke5 Be6 48. Ba5 Kb3 49. Kf4 Kxa3 50. Ke5 f5 51. Kf4 Kb3 52. Ke5 Kc4 53. Kf4 Kd5 54. Bd8 Bc8 55. Bc7 Kc4 56. Ba5 Kd5 {Accuracy: White = 75%, Black = 74%.} (56... Bd7 $17) 1/2-1/2

[Event "Hunan Belt and Road Open 2019"]
[Site "Hunan"]
[Date "2019.07.29"]
[Round "1.5"]
[White "Amin, Bassem"]
[Black "Radovanovic, Mihajlo"]
[Result "1/2-1/2"]
[WhiteElo "2707"]
[BlackElo "2500"]
[Annotator "TA"]
[PlyCount "92"]
[EventDate "2019.07.29"]
[EventType "swiss"]
[EventCountry "CHN"]
[SourceTitle "playchess.com"]
[Source "ChessBase"]
[SourceQuality "1"]

{[%evp 16,92,0,0,0,0,0,5,11,10,18,0,0,-29,0,-8,-10,-15,-23,-23,-23,-29,0,0,0,0,0,0,0,0,0,0,8,19,6,14,8,8,24,12,12,5,13,13,48,61,60,61,67,69,55,11,41,9,1,8,10,0,0,8,8,8,8,0,0,0,0,0,8,8,9,0,0,0,0,0,0,0,0]} 1. e4 e6 2. d3 d5 3. Nd2 Nf6 4. Ngf3 Nc6 5. c3 Bd6 6. g3 O-O 7. Bg2 dxe4 8. dxe4 e5 9. O-O a5 {A07: Réti Opening: New York and Capablanca Systems} 10. Qc2 Bc5 11. Nc4 (11. b3 Qe7 12. a3 b6 13. h3 Ba6 14. Re1 Rfd8 15. b4 Bd6 16. Bb2 h6 17. Nf1 {1-0 (43) Stevic,H (2614)-Zelcic,R (2557) Otocac 2010}) 11... Qe7 12. Nh4 Qe6 $146 ({Predecessor:} 12... Rd8 13. Ne3 Be6 14. Nef5 Qd7 15. Bg5 Qd3 16. Qc1 Nxe4 17. Bxd8 Rxd8 18. Bxe4 Qxe4 {1-0 (33) Miller,E (2319)-Schneider,J (2261) Apolda 2017}) 13. Ne3 Ne7 14. Kh1 Ng4 15. Nxg4 Qxg4 16. f4 exf4 17. Bxf4 c6 18. Rad1 Qh5 {And now ...g5 would win.} 19. Bf3 Bg4 {Threatens to win with ...g5.} 20. Qe2 Bxf3+ 21. Qxf3 Qxf3+ 22. Nxf3 Ng6 23. Rd7 b5 (23... b6 {looks sharper.} 24. Rfd1 Rfe8 25. e5 Nf8 26. R7d3 Ng6) 24. Bd6 Bxd6 25. Rxd6 Rac8 26. e5 Rfe8 27. Re1 Kf8 28. h4 h5 29. Kg2 Re7 30. e6 Rxe6 31. Rexe6 fxe6 32. Rxe6 $14 {[%mdl 4096] Endgame KRN-KRN} Ne7 33. Kf2 Rd8 34. Re5 Rd1 {The position is equal.} 35. Rxh5 Rb1 36. Rh8+ Ng8 37. b3 Rb2+ 38. Ke3 Rxa2 39. Nd4 a4 40. bxa4 Rxa4 41. Kd3 b4 42. cxb4 Rxb4 43. g4 c5 44. Ne6+ Kf7 45. Ng5+ Kf8 46. Ne4 g6 {Accuracy: White = 50%, Black = 68%.} 1/2-1/2

[Event "Hunan Belt and Road Open 2019"]
[Site "Hunan"]
[Date "2019.07.29"]
[Round "1.6"]
[White "Lou, Yiping"]
[Black "Matlakov, Maxim"]
[Result "1/2-1/2"]
[WhiteElo "2489"]
[BlackElo "2701"]
[Annotator "TA"]
[PlyCount "58"]
[EventDate "2019.07.29"]
[EventType "swiss"]
[EventCountry "CHN"]
[SourceTitle "playchess.com"]
[Source "ChessBase"]
[SourceQuality "1"]

{[%evp 20,58,18,18,18,9,20,18,11,18,25,18,26,21,30,6,11,9,3,3,11,0,0,0,0,0,12,0,0,0,0,0,0,0,2,0,0,0,0,0,0]} 1. d4 d5 2. c4 c6 3. Nc3 Nf6 4. e3 e6 5. Nf3 Nbd7 6. Qc2 Bd6 7. Bd3 O-O 8. O-O dxc4 9. Bxc4 e5 10. h3 Qe7 11. a3 Bc7 {D46: Semi-Slav: 5 e3 Nbd7 6 Bd3, Black avoids the Meran} (11... b5 12. Ba2 Bb7 13. Bd2 a5 14. Ng5 Kh8 15. Rad1 b4 16. Nce4 Nxe4 17. Nxe4 bxa3 18. Nxd6 Qxd6 19. dxe5 Nxe5 {1-0 (43) Jakovenko,D (2735)-Adly,A (2626) St Petersburg 2018}) 12. Bd2 $146 ({Predecessor:} 12. Ba2 h6 {½-½ (17) Roeder,M (2448)-Otero Acosta,D (2403) Havana 1999}) 12... h6 13. Ba2 e4 14. Nh4 Nb6 $1 15. Ng6 Qd6 {[%csl Gc7][%cal Rd6h2] [#]} 16. Ne5 $1 Be6 17. Nxe4 Nxe4 {The position is equal.} 18. Qxe4 {Bb4 is the strong threat.} Bxa2 19. Rxa2 Qe6 20. Qb1 Bxe5 21. dxe5 Qxe5 22. Bc3 Qe7 23. Rd1 Rfd8 24. Ra1 Rxd1+ 25. Qxd1 Rd8 26. Qg4 {[%csl Gc3][%cal Rg4g7] [#]} f6 27. Rd1 Rxd1+ 28. Qxd1 Nd5 29. Qd4 Nxc3 1/2-1/2

[Event "Hunan Belt and Road Open 2019"]
[Site "Hunan"]
[Date "2019.07.29"]
[Round "1.7"]
[White "Vallejo Pons, Francisco"]
[Black "Bilguun, Sumiya"]
[Result "1/2-1/2"]
[WhiteElo "2687"]
[BlackElo "2482"]
[Annotator "TA"]
[PlyCount "55"]
[EventDate "2019.07.29"]
[EventType "swiss"]
[EventCountry "CHN"]
[SourceTitle "playchess.com"]
[Source "ChessBase"]
[SourceQuality "1"]

{[%evp 11,55,3,10,0,24,0,57,41,53,54,64,18,81,96,80,82,139,131,126,84,119,97,141,100,102,81,197,60,55,0,12,18,37,0,36,24,34,28,30,0,12,0,64,0,14,0]} 1. e4 c5 2. Nf3 Nc6 3. Bb5 d6 4. d4 cxd4 5. Qxd4 Bd7 6. Qd3 Nf6 7. Bg5 {B53: Sicilian: 2...d6: Lines with Qxd4} (7. O-O g6 8. c4 Bg7 9. Nc3 O-O 10. h3 Rc8 11. Rd1 a6 12. Bxc6 Bxc6 13. Nd4 Nd7 14. Be3 Nc5 {½-½ (41) Andreikin,D (2725)-Andriasian,Z (2604) chess.com INT 2019}) 7... Rc8 {[#] ...Nb4 is the strong threat.} 8. Nc3 Qa5 $146 (8... Nb4 $11 9. Bxd7+ Nxd7) ({Predecessor:} 8... e6 9. O-O-O Qa5 10. Bxc6 Bxc6 11. Bxf6 gxf6 12. Kb1 Be7 13. Nd4 {1-0 (41) Popov,I (2619)-Yeletsky,I (2415) Voronezh 2017}) 9. O-O {White is slightly better.} a6 10. Bxc6 Bxc6 11. Rfe1 (11. Bxf6 $5 gxf6 12. Nd4 $14) 11... h6 (11... Nd7 $1 $11 {remains equal.}) 12. Bxf6 $1 $16 gxf6 13. Nd5 $36 {[%mdl 2048] Keeping Black busy.} Qd8 (13... Bxd5 $142 14. exd5 Qb5) 14. Nd4 e6 15. Qg3 h5 16. Rad1 Bh6 17. Nb4 Bf8 18. c4 Bd7 (18... h4 $16 19. Qc3 h3) 19. b3 ({White must play} 19. Nf5 $1 $18) 19... Qa5 $14 20. Nd3 (20. Nbc2 $14) 20... h4 21. Qf3 Be7 22. Qe2 Qh5 23. f3 Kf8 24. Nf2 Rg8 25. Nc2 Bc6 26. Nd4 (26. Kh1 $11) 26... Bd7 27. Nc2 ({White should try} 27. h3 $14) 27... Bc6 28. Nd4 {Accuracy: White = 25%, Black = 28%.} 1/2-1/2

[Event "Hunan Belt and Road Open 2019"]
[Site "Hunan"]
[Date "2019.07.29"]
[Round "1.8"]
[White "Khademalsharieh, Sarasadat"]
[Black "Naiditsch, Arkadij"]
[Result "1/2-1/2"]
[WhiteElo "2481"]
[BlackElo "2681"]
[Annotator "TA"]
[PlyCount "59"]
[EventDate "2019.07.29"]
[EventType "swiss"]
[EventCountry "CHN"]
[SourceTitle "playchess.com"]
[Source "ChessBase"]
[SourceQuality "1"]

{[%evp 20,59,42,27,25,26,39,35,33,14,41,39,54,22,52,48,45,57,50,46,30,30,49,13,65,65,78,78,78,78,78,78,68,67,68,66,70,67,67,67,72,72]} 1. d4 Nf6 2. c4 e6 3. Nf3 d5 4. Nc3 Nbd7 5. Bg5 c6 6. e3 Qa5 7. Nd2 dxc4 8. Bxf6 Nxf6 9. Nxc4 Qc7 10. Rc1 Be7 11. g3 O-O {D52: Queen's Gambit Declined: Cambridge Springs Variation} 12. Bg2 c5 (12... Rd8 13. O-O Nd5 14. Qb3 Nxc3 15. Qxc3 a5 16. Ne5 Bd7 17. Nxd7 Rxd7 18. f4 g6 19. h4 {½-½ (34) Abasov,N (2627)-Bu,X (2731) Astana 2019}) 13. O-O $146 ({Predecessor:} 13. Qb3 cxd4 14. exd4 Bd7 15. Ne5 Bc6 16. Nxc6 bxc6 17. O-O Rab8 18. Qc2 Qb6 19. Na4 Qxd4 {½-½ (52) O'Donnell,C (2389)-Baburin,A (2473) Ennis 2017}) 13... cxd4 {White is slightly better.} 14. Nb5 Qc5 15. Nxd4 Rd8 16. Qe2 e5 17. b4 Qc7 18. Nb5 Qb8 19. Qb2 Bd7 20. a4 e4 21. Nd2 {Strongly threatening Nc7.} Bc6 (21... a6 $11 22. Nd4 Bxa4) 22. Nc3 $14 Bxb4 23. Qxb4 {[%cal Rd2e4]} Rxd2 24. Nxe4 Nxe4 25. Bxe4 Rd6 26. Bxc6 bxc6 27. Qxb8+ Rxb8 28. Rb1 Rxb1 29. Rxb1 {[#] Rb8+ would kill now.} g6 30. Rb7 {Accuracy: White = 74%, Black = 32%.} 1/2-1/2

[Event "Hunan Belt and Road Open 2019"]
[Site "Hunan"]
[Date "2019.07.29"]
[Round "1.10"]
[White "Xu, Jun"]
[Black "Najer, Evgeniy"]
[Result "1/2-1/2"]
[WhiteElo "2477"]
[BlackElo "2678"]
[Annotator "ChessBase"]
[PlyCount "72"]
[EventDate "2019.07.29"]
[EventType "swiss"]
[EventCountry "CHN"]
[SourceTitle "playchess.com"]
[Source "ChessBase"]
[SourceQuality "1"]
[TimeControl "5400+30"]

1. d4 {[%emt 0:00:00]} d5 {[%emt 0:00:00]} 2. c4 {[%emt 0:00:00]} c6 {[%emt 0:00:00]} 3. Nc3 {[%emt 0:00:00]} Nf6 {[%emt 0:00:27]} 4. e3 {[%emt 0:00:00]} e6 {[%emt 0:00:04]} 5. Nf3 {[%emt 0:00:00]} Nbd7 {[%emt 0:00:04]} 6. Bd3 {[%emt 0:00:08]} dxc4 {[%emt 0:00:10]} 7. Bxc4 {[%emt 0:00:04]} b5 {[%emt 0:00:04]} 8. Be2 {[%emt 0:00:03]} Bb7 {[%emt 0:00:35]} 9. O-O {[%emt 0:00:11]} Be7 {[%emt 0:00:58]} 10. e4 {[%emt 0:04:27]} b4 {[%emt 0:00:13]} 11. e5 {[%emt 0:00:04]} bxc3 {[%emt 0:00:04]} 12. exf6 {[%emt 0:00:07]} Bxf6 {[%emt 0:03:35]} 13. bxc3 {[%emt 0:00:08]} c5 {[%emt 0:00:14]} 14. dxc5 {[%emt 0:00:09]} O-O {[%emt 0:01:53]} 15. Ba3 {[%emt 0:02:08]} Be7 {[%emt 0:03:31]} 16. Qd4 {[%emt 0:00:07]} Qc7 {[%emt 0:07:01]} 17. Rab1 {[%emt 0:00:06]} Bd5 {[%emt 0:09:20]} 18. c4 {[%emt 0:02:26]} Bc6 {[%emt 0:02:18]} 19. Qe3 {[%emt 0:02:45]} e5 {[%emt 0:15:22]} 20. Nd2 {[%emt 0:06:04]} f5 {[%emt 0:02:58]} 21. f4 {[%emt 0:06:16]} Rae8 {[%emt 0:05:17]} 22. Bh5 {[%emt 0:16:50]} g6 {[%emt 0:01:59]} 23. Bf3 {[%emt 0:05:01]} Bxf3 {[%emt 0:11:37]} 24. Nxf3 {[%emt 0:00:45]} exf4 {[%emt 0:00:45]} 25. Qe6+ {[%emt 0:00:13]} Kg7 {[%emt 0:00:38]} 26. Qd5 {[%emt 0:03:15]} Bxc5+ {[%emt 0:14:17]} 27. Bxc5 {[%emt 0:07:21]} Qxc5+ {[%emt 0:01:45]} 28. Nd4 {[%emt 0:01:37]} Re4 {[%emt 0:03:52]} 29. Rfd1 {[%emt 0:03:41]} Rf7 {[%emt 0:00:02]} 30. Rb7 {[%emt 0:02:17]} Qxd5 {[%emt 0:05:14]} 31. cxd5 {[%emt 0:00:11]} Ne5 {[%emt 0:00:08]} 32. Rb5 {[%emt 0:08:29]} f3 {[%emt 0:05:46]} 33. d6 {[%emt 0:05:44]} Kf6 {[%emt 0:04:25]} 34. Nxf3 {[%emt 0:01:42]} Rd7 {[%emt 0:00:00]} 35. Nxe5 {[%emt 0:00:52]} Rxe5 {[%emt 0:00:03]} 36. Rb2 {[%emt 0:00:12]} Ke6 {[%emt 0:01:10]} 1/2-1/2

[Event "Hunan Belt and Road Open 2019"]
[Site "Hunan"]
[Date "2019.07.29"]
[Round "1.11"]
[White "Cheparinov, Ivan"]
[Black "Fang, Yuxiang"]
[Result "1-0"]
[WhiteElo "2666"]
[BlackElo "2476"]
[Annotator "ChessBase"]
[PlyCount "83"]
[EventDate "2019.07.29"]
[EventType "swiss"]
[EventCountry "CHN"]
[SourceTitle "playchess.com"]
[Source "ChessBase"]
[SourceQuality "1"]
[TimeControl "5400+30"]

1. d4 {[%emt 0:00:00]} d5 {[%emt 0:03:03]} 2. c4 {[%emt 0:00:00]} c6 {[%emt 0:06:33]} 3. Nf3 {[%emt 0:00:00]} Nf6 {[%emt 0:00:58]} 4. Nc3 {[%emt 0:00:05]} a6 {[%emt 0:01:55]} 5. c5 {[%emt 0:00:14]} Bf5 {[%emt 0:03:33]} 6. Qb3 {[%emt 0:00:20]} Ra7 {[%emt 0:02:27]} 7. Nh4 {[%emt 0:01:48]} Bg6 {[%emt 0:03:41]} 8. Bg5 {[%emt 0:01:08]} Nbd7 {[%emt 0:02:53]} 9. Nxg6 {[%emt 0:01:56]} hxg6 {[%emt 0:01:30]} 10. e4 {[%emt 0:00:51]} dxe4 {[%emt 0:04:25]} 11. g3 {[%emt 0:00:13]} e6 {[%emt 0:03:01]} 12. Bg2 {[%emt 0:00:06]} Be7 {[%emt 0:01:14]} 13. O-O {[%emt 0:00:08]} O-O {[%emt 0:03:21]} 14. Rac1 {[%emt 0:00:05]} Nd5 {[%emt 0:19:52]} 15. Bxe7 {[%emt 0:00:17]} Nxe7 {[%emt 0:04:59]} 16. Nxe4 {[%emt 0:00:08]} Nf5 {[%emt 0:02:08]} 17. Rfd1 {[%emt 0:00:11]} Nf6 {[%emt 0:00:03]} 18. Ng5 {[%emt 0:00:11]} Nd5 {[%emt 0:01:27]} 19. h4 {[%emt 0:03:45]} Qd7 {[%emt 0:02:29]} 20. Nf3 {[%emt 0:04:04]} Qc7 {[%emt 0:02:19]} 21. Rd2 {[%emt 0:03:45]} Rb8 {[%emt 0:01:41]} 22. Rdc2 {[%emt 0:03:05]} a5 {[%emt 0:03:11]} 23. Qa4 {[%emt 0:09:20]} Nb4 {[%emt 0:01:40]} 24. Rd2 {[%emt 0:01:07]} b6 {[%emt 0:03:47]} 25. cxb6 {[%emt 0:00:24]} Rxb6 {[%emt 0:00:03]} 26. Rc5 {[%emt 0:05:09]} Rb5 {[%emt 0:04:38]} 27. Rxb5 {[%emt 0:03:35]} cxb5 {[%emt 0:00:02]} 28. Qxb5 {[%emt 0:00:10]} Nd6 {[%emt 0:00:10]} 29. Qa4 {[%emt 0:00:59]} Qc4 {[%emt 0:02:57]} 30. a3 {[%emt 0:02:40]} Nd5 {[%emt 0:00:08]} 31. Qxc4 {[%emt 0:00:10]} Nxc4 {[%emt 0:00:04]} 32. Rc2 {[%emt 0:00:06]} Ncb6 {[%emt 0:00:51]} 33. Ne5 {[%emt 0:03:25]} Rc7 {[%emt 0:03:44]} 34. Rc5 {[%emt 0:02:51]} a4 {[%emt 0:01:37]} 35. Bxd5 {[%emt 0:08:20]} Nxd5 {[%emt 0:01:00]} 36. Rxc7 {[%emt 0:00:06]} Nxc7 {[%emt 0:00:02]} 37. Kf1 {[%emt 0:00:17]} Nb5 {[%emt 0:00:59]} 38. Nc6 {[%emt 0:02:47]} f6 {[%emt 0:00:05]} 39. Ke2 {[%emt 0:01:01]} Kf7 {[%emt 0:00:02]} 40. Kd3 {[%emt 0:00:10]} Ke8 {[%emt 0:00:14]} 41. Nb4 {[%emt 0:01:28]} Kd7 {[%emt 0:01:19]} 42. Na2 {[%emt 0:00:28]} 1-0

[Event "Hunan Belt and Road Open 2019"]
[Site "Hunan"]
[Date "2019.07.29"]
[Round "1.12"]
[White "Wang, Chen"]
[Black "Adhiban, B.."]
[Result "1-0"]
[WhiteElo "2476"]
[BlackElo "2665"]
[Annotator "ChessBase"]
[PlyCount "73"]
[EventDate "2019.07.29"]
[EventType "swiss"]
[EventCountry "CHN"]
[SourceTitle "playchess.com"]
[Source "ChessBase"]
[SourceQuality "1"]
[TimeControl "5400+30"]

1. e4 {[%emt 0:00:00]} c5 {[%emt 0:00:00]} 2. Nf3 {[%emt 0:00:14]} d6 {[%emt 0:00:00]} 3. Bb5+ {[%emt 0:00:08]} Nd7 {[%emt 0:00:00]} 4. c3 {[%emt 0:01:38]} Ngf6 {[%emt 0:00:07]} 5. Qe2 {[%emt 0:00:29]} a6 {[%emt 0:01:10]} 6. Ba4 {[%emt 0:00:12]} b5 {[%emt 0:01:00]} 7. Bc2 {[%emt 0:00:09]} Bb7 {[%emt 0:02:33]} 8. O-O {[%emt 0:00:44]} c4 {[%emt 0:06:17]} 9. b3 {[%emt 0:07:49]} Rc8 {[%emt 0:02:20]} 10. bxc4 {[%emt 0:11:22]} bxc4 {[%emt 0:00:06]} 11. Na3 {[%emt 0:10:16]} Nc5 {[%emt 0:29:45]} 12. Nxc4 {[%emt 0:03:54]} Bxe4 {[%emt 0:02:09]} 13. d3 {[%emt 0:09:56]} Bg6 {[%emt 0:01:05]} 14. Ba3 {[%emt 0:03:42]} e6 {[%emt 0:15:19]} 15. Bxc5 {[%emt 0:23:04]} Rxc5 {[%emt 0:00:05]} 16. Ba4+ {[%emt 0:00:22]} Ke7 {[%emt 0:00:01]} 17. Nd4 {[%emt 0:02:55]} Qc7 {[%emt 0:00:30]} 18. Rfe1 {[%emt 0:01:20]} Be4 {[%emt 0:16:38]} 19. Nxd6 {[%emt 0:03:19]} Bd5 {[%emt 0:02:23]} 20. c4 {[%emt 0:00:19]} g6 {[%emt 0:06:18]} 21. Nxf7 {[%emt 0:01:49]} Kxf7 {[%emt 0:00:48]} 22. cxd5 {[%emt 0:00:06]} Qf4 {[%emt 0:01:09]} 23. dxe6+ {[%emt 0:06:59]} Kg7 {[%emt 0:00:06]} 24. Qe3 {[%emt 0:00:58]} Qxe3 {[%emt 0:00:20]} 25. fxe3 {[%emt 0:00:21]} Be7 {[%emt 0:00:14]} 26. Rac1 {[%emt 0:01:52]} Rxc1 {[%emt 0:01:20]} 27. Rxc1 {[%emt 0:00:02]} Nd5 {[%emt 0:00:18]} 28. Rf1 {[%emt 0:01:55]} Bf6 {[%emt 0:02:49]} 29. Nc2 {[%emt 0:00:06]} Rc8 {[%emt 0:00:14]} 30. Bb3 {[%emt 0:01:05]} Nb6 {[%emt 0:00:06]} 31. Nb4 {[%emt 0:02:44]} a5 {[%emt 0:00:56]} 32. Nd5 {[%emt 0:00:12]} Nxd5 {[%emt 0:00:15]} 33. Bxd5 {[%emt 0:00:01]} Rc7 {[%emt 0:00:52]} 34. Rb1 {[%emt 0:00:58]} Bg5 {[%emt 0:00:56]} 35. Kf2 {[%emt 0:00:13]} Kf6 {[%emt 0:00:03]} 36. Kf3 {[%emt 0:00:52]} Rc5 {[%emt 0:01:13]} 37. Bc4 {[%emt 0:03:09]} 1-0